Las otras especialidades forales de Alava / (Record no. 19619)

MARC details
000 -LEADER
campo de control de longitud fija 00547nam a2200169 i 4500
001 - NÚMERO DE CONTROL
campo de control 19619
003 - IDENTIFICADOR DE NÚMERO DE CONTROL
campo de control ES-MaACL
005 - FECHA Y HORA DE LA ÚLTIMA TRANSACCIÓN
campo de control 20230906152132.0
007 - CAMPO FIJO DE DESCRIPCIÓN FÍSICA--INFORMACIÓN GENERAL
campo de control de longitud fija t|
008 - DATOS DE LONGITUD FIJA--INFORMACIÓN GENERAL
campo de control de longitud fija 021004s1971 sp ||||1| spa d
100 1# - ENTRADA PRINCIPAL--NOMBRE DE PERSONA
Nombre de persona Abella y García de Eulate, Alfonso María,
Fechas asociadas al nombre 1925-2003
9 (RLIN) 226442
245 14 - MENCIÓN DEL TÍTULO
Título Las otras especialidades forales de Alava /
Mención de responsabilidad, etc. Alfonso Mª Abella y García de Eulate.
260 ## - PUBLICACIÓN, DISTRIBUCIÓN, ETC.
Lugar de publicación, distribución, etc. [S.l.] :
Nombre del editor, distribuidor, etc. [s.n.],
Fecha de publicación, distribución, etc. [1971] (
Lugar de fabricación/manufactura Vitoria :
Fabricante Evagraf)
300 ## - DESCRIPCIÓN FÍSICA
Extensión 173 p. ;
Dimensiones 21 cm.
852 ## - LOCALIZACIÓN
Ubicación ES-MaACL
Número de control de estantería C-47260
Sublocalización o colección R.78247
Holdings
Estatus retirado Estado de pérdida Estado de daño No para préstamo Biblioteca de origen Biblioteca actual Ubicación en estantería Fecha de adquisición Fuente de adquisición Total de préstamos Signatura topográfica completa Código de barras Visto por última vez Precio de reemplazo Tipo de ítem Koha
        Biblioteca del Ateneo de Madrid Biblioteca del Ateneo de Madrid Depósito 2 17/01/2008     C-47260 1020079 23/02/2023 23/02/2023 Libro impreso